000 00695nam a2200253Ia 4500
005 20250425162626.0
008 250425s9999 xx 000 0 und d
020 _a9789978310908
041 _aspa
082 _a549.68
100 _aMORANTE CARBALLO, FERNADO ENRIQUE
245 0 _aZEOLITAS NATURALES DEL ECUADOR: GEOLOGIA, CARACTERIZACION Y APLICACIONES
250 _a1A ED.
260 _aEcuador
_bESPOL: FCNM: CIPAT-ESPOL: CYTED
_c2014
260 _aGUAYAQUIL
300 _a348
650 _aECUADOR
650 _aRECURSOS NATURALES-ECUADOR
650 _aZEOLITAS NATURALES
650 _aZEOLITAS NATURALES-APLICACIONES
710 _aS.A.
942 _c01
010 _a90934
999 _c233129
_d233129